ARRUPE JESUIT UNIVERSITY

CORONAVIRUS -STOP THE SPREAD - CLEAN,DISINFECT,COVER

Travels of Alexine (Record no. 118847)

MARC details
000 -LEADER
fixed length control field 00420nam a22001457a 4500
008 - FIXED-LENGTH DATA ELEMENTS--GENERAL INFORMATION
fixed length control field 131129b xxu||||| |||| 00| 0 eng d
020 ## - INTERNATIONAL STANDARD BOOK NUMBER
International Standard Book Number 719520444
050 ## - LIBRARY OF CONGRESS CALL NUMBER
Classification number SPC DT76.9.T5G56
100 ## - MAIN ENTRY--PERSONAL NAME
Personal name Gladstone, Penelope
9 (RLIN) 4389
245 ## - TITLE STATEMENT
Title Travels of Alexine
Remainder of title Alexine Tinne 1833-1869
260 ## - PUBLICATION, DISTRIBUTION, ETC. (IMPRINT)
Place of publication, distribution, etc London
Name of publisher, distributor, etc John Murray
Date of publication, distribution, etc 1969
300 ## - PHYSICAL DESCRIPTION
Extent viii; 242p.;
Dimensions 22cm
600 ## - SUBJECT ADDED ENTRY--PERSONAL NAME
Personal name Tinne, Alexandrine
9 (RLIN) 4509
942 ## - ADDED ENTRY ELEMENTS (KOHA)
Source of classification or shelving scheme Library of Congress Classification
Item type Monograph ( Printed materials)
Holdings
Withdrawn status Lost status Source of classification or shelving scheme Damaged status Not for loan Home library Current library Date acquired Total Checkouts Full call number Barcode Date last seen Price effective from Koha item type
    Library of Congress Classification     ARRUPE LIBRARY ARRUPE LIBRARY 29/11/2013   SPC DT76.9.T5G56 464122696 29/11/2013 29/11/2013 Monograph ( Printed materials)

 

Arrupe Library. PO Box MP320 Mt Pleasant, Harare, Zimbabwe
263 242 745411|librarian@aju.ac.zw